000 00491cam a2200157ua 4500
001 12142
008 200224n ii |||gr||||Z||||||eng
020 _a9789339221300
040 _cMAIN
082 _a050
100 _aRamesh Singh,
_eAuthor.
245 _aObjective economic and social development :
_bFor civil services preliminary examination /
_cBy Ramesh Singh .
260 _aNew Delhi:
_bMcgraw hill education pvt ltd,
_c2015.
653 _aGeneral serial publications
942 _cBK
999 _c10909
_d10909